000 00683nam a22002177a 4500
005 20170124110115.0
010 _aB-168320
020 _c00.00
_a9788189013318
035 _aB-168320
037 _bCen Lib/Ret
040 _aDPL
_bEN
082 _a921
_bAWO
245 _aA women of substance :
_cedted by Lubna Kazim
_bthe memories of begum Khurshid Mirza /
260 _aNew Delhi
_bZubaan
_c2005
270 _aK-92, 1st floor Hauz Khas Encleve
_bNew Delhi
_e110016
300 _axxv,245p. :
_c22cm(Hb)
_bill.
650 _aWomen--Finance
_9106066
650 _aWomen--Finance, Personal
_9106067
700 _aLubna Kazim
_9106068
942 _2ddc
_cEN
_h921
_mAWO
999 _c130720
_d130720